[Event "DOM-ch"]
[Site "Santo Domingo"]
[Date "2022.02.26"]
[Round "6"]
[White "Sanchez Arias, Yonathan Alexander"]
[Black "Reyes Capellan, Elby"]
[Result "0-1"]
[WhiteElo "1706"]
[BlackElo "2063"]
[PlyCount "78"]
[EventDate "2022.02.18"]
[EventType "swiss"]
[EventRounds "11"]
[EventCountry "DOM"]
[SourceTitle "EXT 2023"]
[Source "ChessBase"]
[SourceDate "2022.10.05"]
[SourceVersion "1"]
[SourceVersionDate "2022.10.05"]
[SourceQuality "1"]

1. e4 c5 2. Nf3 d6 3. b3 Nf6 4. d3 Nc6 5. Bb2 e5 6. h3 g6 7. Be2 Bg7 8. c4 0-0 9. Nh2 Nd4 10. Bxd4 cxd4 11. 0-0 Be6 12. b4 Kh8 13. a4 Qd7 14. a5 Ng8 15. Nd2 f5 16. Bf3 Rac8 17. Qa4 Qf7 18. exf5 gxf5 19. Qd1 Bh6 20. g3 Nf6 21. Re1 Rg8 22. Kh1 Qc7 23. Nhf1 Rce8 24. Qc2 d5 25. Qb2 dxc4 26. Nxc4 Bxc4 27. dxc4 Bg7 28. Qb3 e4 29. Bg2 f4 30. Kh2 e3 31. fxe3 fxe3 32. Qd3 Nh5 33. Bd5 Rgf8 34. Ra2 Rxf1 35. Qxf1 Qxg3+ 36. Kh1 Rf8 37. Qg1 Qxh3+ 38. Qh2 Ng3+ 39. Kg1 Rf1+ 0-1

[Event "DOM-ch"]
[Site "Santo Domingo"]
[Date "2019.05.11"]
[Round "10"]
[White "Reyes Capellan, Elby"]
[Black "Arias Diaz, Ernesto Antonio"]
[Result "1-0"]
[WhiteElo "2068"]
[BlackElo "1881"]
[PlyCount "113"]
[EventDate "2019.04.26"]
[EventType "swiss"]
[EventRounds "11"]
[EventCountry "DOM"]
[SourceTitle "CBM 190 Extra"]
[Source "ChessBase"]
[SourceDate "2019.07.15"]
[SourceVersion "1"]
[SourceVersionDate "2019.07.15"]
[SourceQuality "1"]

1. e4 c5 2. Nf3 d6 3. d4 cxd4 4. Nxd4 Nf6 5. Nc3 a6 6. Bc4 e6 7. Bb3 Be7 8. Be3 Bd7 9. f3 Nc6 10. Nxc6 bxc6 11. Qd2 Qc7 12. Na4 c5 13. c4 Bc6 14. 0-0 Bb7 15. Bf4 Rd8 16. Rac1 Nd7 17. Nc3 0-0 18. Rfd1 Nb6 19. a4 Nc8 20. Ra1 Na7 21. Qf2 Nc6 22. Rd2 Bf6 23. Kh1 Nd4 24. Ba2 Qb6 25. Rad1 Qb4 26. Qg3 e5 27. Be3 g6 28. Rc1 Bg7 29. b3 f5 30. Bg5 f4 31. Qe1 Rd7 32. Bh4 h6 33. Bf2 Bf6 34. Rd3 Rg7 35. Qd1 g5 36. Be1 Qb6 37. Rb1 Qa7 38. b4 Qa8 39. bxc5 dxc5 40. Nd5 Bd8 41. Bc3 Qc8 42. Bxd4 exd4 43. Rdb3 Bxd5 44. cxd5 Kh8 45. Rb8 Qd7 46. Bc4 g4 47. e5 Qf5 48. e6 Rfg8 49. d6 gxf3 50. Qxf3 Ba5 51. e7 Bb4 52. Rxg8+ Rxg8 53. Qd3 Qxd3 54. Bxd3 c4 55. Rxb4 cxd3 56. Rxd4 Rc8 57. Kg1 1-0

[Event "DOM-ch"]
[Site "Santo Domingo"]
[Date "2018.05.06"]
[Round "11"]
[White "Reyes Capellan, Elby"]
[Black "Perez, Lewis Omar"]
[Result "1-0"]
[WhiteElo "2108"]
[BlackElo "1989"]
[PlyCount "113"]
[EventDate "2018.04.20"]
[EventType "swiss"]
[EventRounds "11"]
[EventCountry "DOM"]
[SourceTitle "CBM 184 Extra"]
[Source "ChessBase"]
[SourceDate "2018.06.28"]
[SourceVersion "1"]
[SourceVersionDate "2018.06.28"]
[SourceQuality "1"]

1. d4 e6 2. c4 f5 3. Nf3 Nf6 4. g3 b6 5. Bg2 Bb7 6. 0-0 Be7 7. d5 0-0 8. Nc3 Na6 9. Nd4 Bc5 10. Bg5 h6 11. Bc1 Rb8 12. b3 Ng4 13. h3 Qf6 14. e3 Ne5 15. f4 Nf7 16. Bb2 e5 17. Nc2 exf4 18. gxf4 Qe7 19. Rf3 Kh7 20. Kh2 Bd6 21. Nb5 Ng5 22. Rg3 g6 23. Nxd6 Qxd6 24. fxg5 h5 25. Qd4 Rf7 26. Qe5 Qf8 27. Ba3 d6 28. Qf4 Re8 29. Rf1 Nc5 30. Bxc5 bxc5 31. h4 Bc8 32. Rf2 Qg7 33. Bh1 Rfe7 34. Rg1 Qc3 35. Rgf1 Qd3 36. Ne1 Qc3 37. e4 Re5 38. Qd2 Qxd2 39. Rxd2 fxe4 40. Rf7+ Kg8 41. Rdf2 Bf5 42. Rxc7 e3 43. Rf4 e2 44. Rxa7 Re3 45. Rf3 R3e4 46. Kg1 Rxh4 47. Bg2 Rg4 48. Kf2 Rxg5 49. Rg3 Rxg3 50. Kxg3 Rf8 51. Re7 Bb1 52. Rxe2 Ra8 53. a4 Rb8 54. Rb2 Bf5 55. Bh3 Bxh3 56. Kxh3 Re8 57. Nf3 1-0

[Event "DOM-ch"]
[Site "Santo Domingo"]
[Date "2018.04.29"]
[Round "8"]
[White "Reyes Capellan, Elby"]
[Black "Arias Diaz, Ernesto Antonio"]
[Result "1-0"]
[WhiteElo "2108"]
[BlackElo "1842"]
[PlyCount "147"]
[EventDate "2018.04.20"]
[EventType "swiss"]
[EventRounds "11"]
[EventCountry "DOM"]
[SourceTitle "CBM 184 Extra"]
[Source "ChessBase"]
[SourceDate "2018.06.28"]
[SourceVersion "1"]
[SourceVersionDate "2018.06.28"]
[SourceQuality "1"]

1. d4 d5 2. Nf3 Nf6 3. Bg5 e6 4. e3 a6 5. Nbd2 Be7 6. Bd3 Nbd7 7. 0-0 b6 8. Ne5 Bb7 9. f4 h6 10. Bh4 c5 11. c3 Qc7 12. Qf3 Ne4 13. Bxe4 Bxh4 14. Bd3 0-0 15. Qh3 Be7 16. Rf3 Nxe5 17. fxe5 Bg5 18. Rg3 Qe7 19. Qg4 f5 20. exf6 Qxf6 21. Qe2 c4 22. Bc2 e5 23. Nf3 e4 24. Nxg5 hxg5 25. Rf1 Qg6 26. Rxf8+ Rxf8 27. h4 Rf5 28. Ba4 b5 29. Bd1 Bc8 30. Qe1 Qh6 31. hxg5 Rxg5 32. Rxg5 Qxg5 33. a3 Bf5 34. Qf2 g6 35. Kf1 Qh6 36. Qg3 Qh1+ 37. Ke2 Kh7 38. Kd2 Qf1 39. Qh4+ Kg7 40. Qg5 Be6 41. Qe5+ Qf6 42. Qc7+ Bf7 43. Qg3 Be6 44. Ke1 Qf5 45. Be2 Qf6 46. Qc7+ Bf7 47. Kd2 Qf2 48. Qe5+ Qf6 49. Bg4 a5 50. Bd7 Qxe5 51. dxe5 Kf8 52. Bxb5 Be6 53. Ke1 Kg7 54. Kf2 Kh6 55. Kg3 Kg5 56. Be8 Kf5 57. Kh4 g5+ 58. Kh5 g4 59. Kh4 Kxe5 60. Bh5 Kf6 61. Bxg4 Bf7 62. Bd7 Kg6 63. Kg4 Kf6 64. Kf4 Bg6 65. g4 Bf7 66. g5+ Ke7 67. Bf5 Kd6 68. g6 Bg8 69. Bg4 a4 70. Bh3 Ke7 71. Ke5 Kf8 72. Be6 d4 73. cxd4 c3 74. bxc3 1-0

[Event "Santo Domingo Independencia op"]
[Site "Santo Domingo"]
[Date "2018.02.23"]
[Round "5"]
[White "Reyes Capellan, Elby"]
[Black "Jaquez, Juan Manuel"]
[Result "0-1"]
[WhiteElo "2105"]
[BlackElo "2158"]
[PlyCount "112"]
[EventDate "2018.02.16"]
[EventType "swiss"]
[EventRounds "8"]
[EventCountry "DOM"]
[SourceTitle "CBM 187 Extra"]
[Source "ChessBase"]
[SourceDate "2018.11.04"]
[SourceVersion "1"]
[SourceVersionDate "2018.11.04"]
[SourceQuality "1"]

1. Nf3 Nf6 2. d4 g6 3. c4 Bg7 4. Nc3 0-0 5. e4 d6 6. h3 Nc6 7. d5 Nb8 8. Bd3 a5 9. 0-0 Na6 10. Re1 Nd7 11. a3 Nac5 12. Bc2 Nb6 13. Qe2 e5 14. Bg5 f6 15. Be3 a4 16. Bxc5 dxc5 17. Rad1 Rf7 18. Nd2 Bd7 19. Qe3 Qf8 20. Nb5 Nxc4 21. Nxc4 Bxb5 22. Bd3 Bd7 23. d6 b5 24. Qxc5 bxc4 25. Bxc4 c6 26. b3 axb3 27. Bxb3 Qe8 28. Bxf7+ Qxf7 29. Rb1 Bf8 30. Rb7 Qe6 31. Rd1 Be8 32. Rd3 Ra4 33. Rb8 Bd7 34. Qb6 Rd4 35. Qd8 Qxd6 36. Rf3 f5 37. Rb7 Be6 38. Qh4 Bf7 39. Re3 f4 40. Re1 Qd8 41. Qg4 Bxa3 42. Reb1 Bd6 43. Ra1 Bc5 44. Rc1 h5 45. Qf3 Rd3 46. Rxc5 Rxf3 47. gxf3 Qc8 48. Re7 Qxh3 49. Rxc6 Qxf3 50. Rc8+ Kg7 51. Rcc7 Qd1+ 52. Kh2 Qb3 53. Rb7 Qa2 54. Kg2 Kf6 55. Rec7 h4 56. Kh3 Be6+ 0-1

[Event "DOM-ch"]
[Site "Santo Domingo"]
[Date "2017.04.22"]
[Round "2"]
[White "Martinez Castillo, Julio Antonio"]
[Black "Reyes Capellan, Elby"]
[Result "1-0"]
[WhiteElo "2164"]
[BlackElo "2029"]
[PlyCount "53"]
[EventDate "2017.04.21"]
[EventType "swiss"]
[EventRounds "11"]
[EventCountry "DOM"]
[SourceTitle "CBM 178 Extra"]
[Source "ChessBase"]
[SourceDate "2017.06.22"]
[SourceVersion "1"]
[SourceVersionDate "2017.06.22"]
[SourceQuality "1"]

1. d4 d5 2. Bg5 Nd7 3. e3 h6 4. Bh4 Ngf6 5. Nd2 e6 6. Bd3 Be7 7. f4 c5 8. c3 b6 9. Nh3 Bb7 10. Nf2 Rc8 11. 0-0 a6 12. a4 a5 13. Qe2 0-0 14. g4 cxd4 15. exd4 Re8 16. Kh1 Nxg4 17. Nxg4 Bxh4 18. Rg1 Kf8 19. Nf3 f5 20. Nge5 Bf6 21. Bb5 Nxe5 22. fxe5 Be7 23. Rg6 Kf7 24. Bxe8+ Qxe8 25. Rag1 Bf8 26. Qg2 Qxa4 27. Rxg7+ 1-0

[Event "Santo Domingo Duarte Memorial 6th"]
[Site "Santo Domingo"]
[Date "2017.02.03"]
[Round "5"]
[White "Reyes Capellan, Elby"]
[Black "Guzman, Christopher"]
[Result "0-1"]
[WhiteElo "2046"]
[BlackElo "2328"]
[PlyCount "172"]
[EventDate "2017.01.27"]
[EventType "swiss"]
[EventRounds "8"]
[EventCountry "DOM"]
[SourceTitle "CBM 176 Extra"]
[Source "ChessBase"]
[SourceDate "2017.03.02"]
[SourceVersion "1"]
[SourceVersionDate "2017.03.02"]
[SourceQuality "1"]

1. d4 Nf6 2. Nf3 e6 3. c4 b6 4. g3 Bb7 5. Bg2 Be7 6. Nc3 0-0 7. 0-0 d5 8. cxd5 Nxd5 9. Bf4 Nxf4 10. gxf4 c5 11. dxc5 Bxc5 12. Qc2 Nc6 13. Rfd1 Qc7 14. e3 h6 15. a3 Rfd8 16. Nb5 Qc8 17. Rxd8+ Nxd8 18. b4 Be7 19. Qxc8 Rxc8 20. Nxa7 Ra8 21. Nb5 Bxb4 22. Nfd4 Bc5 23. Nb3 Be7 24. Rd1 Bxg2 25. Kxg2 Nc6 26. Rd7 Kf8 27. Rb7 Na5 28. Nxa5 bxa5 29. Kg3 g6 30. h3 a4 31. Kf3 Rc8 32. Ra7 Rc5 33. Ra8+ Kg7 34. Nd4 Rc4 35. Ke2 Bxa3 36. Kd3 Rb4 37. Nc2 Rb3+ 38. Ke2 Rb2 39. Kd3 Be7 40. Rxa4 Bf6 41. Rb4 Ra2 42. Rb1 Ra5 43. Rg1 Rh5 44. Rh1 Rc5 45. Rb1 Rd5+ 46. Ke2 Rh5 47. Rh1 Rc5 48. Ne1 Rc1 49. Rf1 Bh4 50. Nd3 Rc2+ 51. Kf3 Rd2 52. Nc5 Rd5 53. Rc1 g5 54. fxg5 Rf5+ 55. Ke4 Rxf2 56. gxh6+ Kxh6 57. Nxe6 fxe6 58. Rc6 Rf6 59. Ke5 Kg7 60. Rxe6 Rf3 61. Ke4 Rxh3 62. Kd3 Bg5 63. Re4 Kf6 64. Re8 Kf5 65. Rf8+ Ke6 66. Re8+ Kd5 67. Re4 Bf6 68. Ra4 Be5 69. Ra5+ Ke6 70. Ke4 Rh4+ 71. Kd3 Kf5 72. Rb5 Rh1 73. Ra5 Rd1+ 74. Ke2 Rb1 75. Kd3 Rb3+ 76. Ke2 Ke6 77. Ra6+ Bd6 78. Rc6 Kd5 79. Rc8 Ra3 80. Re8 Be5 81. Rd8+ Ke4 82. Re8 Rxe3+ 83. Kf2 Ra3 84. Rd8 Ra2+ 85. Kg1 Bh2+ 86. Kh1 Bf4 0-1

[Event "Santo Domingo U2080 op"]
[Site "Santo Domingo"]
[Date "2016.06.14"]
[Round "8"]
[White "Toro Rojas, Freddy Alberto"]
[Black "Reyes Capellan, Elby"]
[Result "1-0"]
[WhiteElo "1903"]
[BlackElo "1993"]
[PlyCount "63"]
[EventDate "2016.06.10"]
[EventType "swiss"]
[EventRounds "8"]
[EventCountry "DOM"]
[SourceTitle "CBM 172 Extra"]
[Source "ChessBase"]
[SourceDate "2016.06.21"]
[SourceVersion "1"]
[SourceVersionDate "2016.06.21"]
[SourceQuality "1"]

1. e4 c5 2. Nf3 Nc6 3. Bb5 Qb6 4. Nc3 e6 5. 0-0 a6 6. Bxc6 bxc6 7. d3 d5 8. Re1 Nf6 9. Rb1 Be7 10. Bg5 d4 11. Ne2 h6 12. Bh4 g5 13. Bg3 Nh5 14. Ne5 Nxg3 15. Nxg3 Qc7 16. Nc4 Qf4 17. e5 f5 18. Qh5+ Kd8 19. Qg6 Rb8 20. Nh5 Qh4 21. Ng7 Kc7 22. Nxe6+ Kb7 23. Qf7 g4 24. g3 Bxe6 25. Qxe6 Qg5 26. Qd7+ Ka8 27. Qxc6+ Ka7 28. Nd6 h5 29. Qxc5+ Ka8 30. Qd5+ Ka7 31. Qxd4+ Ka8 32. Nf7 1-0

[Event "DOM-ch"]
[Site "Santo Domingo"]
[Date "2016.04.10"]
[Round "8"]
[White "Reyes Capellan, Elby"]
[Black "Mendez, Ruddy Antonio"]
[Result "0-1"]
[WhiteElo "2017"]
[BlackElo "2050"]
[PlyCount "68"]
[EventDate "2016.04.01"]
[EventType "swiss"]
[EventRounds "11"]
[EventCountry "DOM"]
[SourceTitle "CBM 171 Extra"]
[Source "ChessBase"]
[SourceDate "2016.04.26"]
[SourceVersion "1"]
[SourceVersionDate "2016.04.26"]
[SourceQuality "1"]

1. e4 e5 2. Nf3 Nc6 3. Bb5 a6 4. Bxc6 dxc6 5. 0-0 f6 6. d4 Bg4 7. dxe5 Qxd1 8. Rxd1 Bxf3 9. gxf3 fxe5 10. f4 Nf6 11. fxe5 Nxe4 12. Re1 Nc5 13. Nc3 Ne6 14. Be3 Bb4 15. a3 Bxc3 16. bxc3 Rf8 17. Rab1 b6 18. Rb4 Rf5 19. Rh4 h6 20. Re4 Ke7 21. h4 Raf8 22. Rg4 Rd8 23. c4 c5 24. Kg2 Kf7 25. Re4 Ke7 26. Rg4 Rdf8 27. Kg3 Ke8 28. Re4 Rf3+ 29. Kg2 R3f5 30. Kg3 R8f7 31. Rd1 Rd7 32. Rxd7 Kxd7 33. Kg4 g6 34. Bxh6 Rxf2 0-1

[Event "DOM-ch"]
[Site "Santo Domingo"]
[Date "2016.04.02"]
[Round "3"]
[White "Campusano Espinosa, Zoilo Nelson"]
[Black "Reyes Capellan, Elby"]
[Result "1-0"]
[WhiteElo "2124"]
[BlackElo "2017"]
[PlyCount "81"]
[EventDate "2016.04.01"]
[EventType "swiss"]
[EventRounds "11"]
[EventCountry "DOM"]
[SourceTitle "CBM 171 Extra"]
[Source "ChessBase"]
[SourceDate "2016.04.26"]
[SourceVersion "1"]
[SourceVersionDate "2016.04.26"]
[SourceQuality "1"]

1. Nf3 c5 2. g3 Nf6 3. Bg2 g6 4. d3 Bg7 5. Nbd2 Nc6 6. e4 d6 7. 0-0 0-0 8. Re1 e5 9. Nf1 Bd7 10. Bg5 h6 11. Bxf6 Bxf6 12. Ne3 Ne7 13. Qd2 Bg7 14. c3 Qa5 15. a4 Be6 16. b4 Qc7 17. d4 b6 18. bxc5 bxc5 19. dxe5 dxe5 20. Nd5 Qd8 21. Rad1 Nc6 22. Qe2 Na5 23. Qb5 Rc8 24. Nf4 Bc4 25. Rxd8 Bxb5 26. Rxc8 Rxc8 27. Nd5 Bd7 28. Ne7+ Kf8 29. Nxc8 Bxc8 30. Rb1 Bd7 31. Bf1 Ke7 32. Nd2 Bc6 33. f3 f5 34. Kf2 Bf6 35. Nc4 Nxc4 36. Bxc4 fxe4 37. fxe4 Bxe4 38. Rb2 Kd6 39. a5 Bg5 40. Rb8 Bd2 41. Rd8+ 1-0

[Event "Santiago de los Caballeros op"]
[Site "Santiago de los Caballeros"]
[Date "2015.11.08"]
[Round "3"]
[White "Marrero Garcia, Lendry Ismael"]
[Black "Reyes Capellan, Elby"]
[Result "1/2-1/2"]
[WhiteElo "1661"]
[BlackElo "2028"]
[PlyCount "66"]
[EventDate "2015.11.06"]
[EventType "swiss"]
[EventRounds "6"]
[EventCountry "DOM"]
[SourceTitle "CBM 169 Extra"]
[Source "ChessBase"]
[SourceDate "2015.12.18"]
[SourceVersion "1"]
[SourceVersionDate "2015.12.18"]
[SourceQuality "1"]

1. e4 c5 2. Nf3 e6 3. d4 cxd4 4. Nxd4 Nf6 5. Bd3 a6 6. Nd2 Qc7 7. N2f3 d6 8. Bg5 Be7 9. Qe2 Nbd7 10. 0-0 0-0 11. Rfe1 Qb6 12. b3 Nc5 13. Rad1 e5 14. Bxf6 Bxf6 15. Nf5 g6 16. Ne3 Be6 17. c4 Be7 18. Nd5 Bxd5 19. cxd5 Rac8 20. Rd2 Rc7 21. Rc2 Rfc8 22. Rec1 Bf8 23. Rc4 Nd7 24. Rxc7 Rxc7 25. Rxc7 Qxc7 26. Qc2 Qxc2 27. Bxc2 Bh6 28. Kf1 Kf8 29. Ke2 Ke7 30. Ne1 Kd8 31. Nd3 Kc7 32. Nb2 Bf8 33. Nc4 Nb6 1/2-1/2